000 00481nam a2200145Ia 4500
008 230917s9999||||xx |||||||||||||| ||und||
040 _e187076
_aMAIN
041 _aEnglish
082 _a301.426 I8N
100 _aInternational Institute for Population Sciences
245 0 _aNational family health survey (MCH and family planning): Maharashtra 1992-93:Summary report
260 _aBombay
_bInternational Institute for Population Sciencees
_c1994
300 _a26 p.
942 _cBK
999 _c79392
_d79392